01523nam a2200457 i 450000100060000000300090000600500170001500800390003201500170007102000150008804000280010304100080013104600090013908000110014808000110015908000100017008000130018008000120019310000480020524501090025326000550036230000530041733600270047033700540049733800280055138000160057938000270059538500390062238800100066149000440067150400340071565000170074965000150076665000150078165000290079665500300082565800280085571000410088383000430092485600980096743647KOSZ 00520260409063442.0040408s2004 pl a f f |001 0 pol aPB 2004/8771 a832042867X aWA NcWA NdKOSZ 005/HR0 apol k2004 a637.56 a639.38 a639.4 a664.8/.9 a(075.8)1 aSikorski, Zdzisław Edmundd(1930- )eAutor10aRyby i bezkręgowce morskie :bpozyskiwanie, właściwości i przetwarzanie /cZdzisław E. Sikorski. aWarszawa :bWydawnictwa Naukowo-Techniczne,c2004. aXIV, 391 s. :bfot., rys., tab., wykr. ;c24 cm. 2rdacontentaTekstbtxt 2rdamediaaBez urządzenia pośredniczącegobn 2rdacarrieraWoluminbnc aKsiążki aPublikacje dydaktyczne mPoziom nauczaniaaSzkoły wyższe a2001-1 aŻywność, Jakość, Technologia. aBibliogr. przy rozdz. Indeks. 4aRyby morskie 4aMięczaki 4aSkorupiaki 4aTechnologia żywności 4aPodręczniki akademickie aRolnictwo i leśnictwo2 aWydawnictwa Naukowo-Techniczne4pbl. 0aŻywność, Jakość, Technologia uhttp://koha.tu.koszalin.pl/cgi-bin/koha/opac-detail.pl?biblionumber=43647yKatalog online BPK